| 000 | 00847nam a22002895i 4500 | ||
|---|---|---|---|
| 999 |
_c41509 _d41509 |
||
| 001 | 18233891 | ||
| 003 | OSt | ||
| 005 | 20220919104340.0 | ||
| 008 | 140718s2014 nyu 000 0 eng | ||
| 010 | _a 2014946317 | ||
| 020 | _a9781285835075 | ||
| 040 |
_aDLC _beng _erda _cDLC |
||
| 042 | _apcc | ||
| 082 |
_a333.70973 _bCAM/M |
||
| 100 | 1 |
_aCamp, William G. _99085 |
|
| 245 | 1 | 0 |
_aManaging our natural resources / _cWilliam Camp, Betty Heath-Camp. |
| 250 | _a6th edition. | ||
| 263 | _a1412 | ||
| 264 | 1 |
_aClifton Park, NY : _bCengage Learning, _c2014. |
|
| 300 | _a585pages | ||
| 336 |
_atext _2rdacontent |
||
| 337 |
_aunmediated _2rdamedia |
||
| 338 |
_avolume _2rdacarrier |
||
| 906 |
_a0 _bibc _corignew _d2 _eepcn _f20 _gy-gencatlg |
||
| 942 |
_2ddc _cBK _h333.70973 _k333.70973 _mCAM/M |
||